Credo ut inteligam - k problému viery v modernom svete

Bibliographic Details
Main Author: Paulovič, Peter (Author)
Format: Article
Language:Slovak
Subjects:

MARC

LEADER 00000nab a2200000 a 4500
001 vtls000604488
003 SK-MaSNL
005 20260304095104.0
008 250425c xo 0 slo
015 |a SNBRB19rr/mm-uuuuu 
035 |a CL0604627 
035 |a urn:nbn:sk:snk-abepnn 
035 |a (urnnbn)urn:nbn:sk:snk:ar-a08trm 
035 |a (uuid)5bd8f5bf-bfd9-443b-9ee1-d37aeade1cd7 
040 |a SNKBUCL  |b slo  |c SNKBUCL  |e AACR2 
041 0 |a slo 
044 |a xo  |c SK 
080 |a 238  |2 1981 
100 1 |a Paulovič, Peter  |4 aut  |9 670580 
245 1 0 |a Credo ut inteligam - k problému viery v modernom svete  |c Peter Paulovič 
650 0 7 |a kresťanská viera  |2 snkbucl  |9 1712 
655 7 |a články z novín a časopisov  |2 snkbucl  |9 267496 
773 0 |t Cirkevné listy  |g Roč. 109 (120), č. 11 (1996)  |g Č. 6 (1996), s. 2-3 
773 0 |t [Príl.] Evanjelické školy  |g Roč. 109 (120), č. 11 (1996)  |g Č. 6 (1996), s. 2-3 
850 |a Slovenská národná knižnica 
852 |a Slovenská národná knižnica 
954 |a odborná, vedecká literatúra pôvodná (slovenská)  |2 lita 
958 |a article27 
958 |a SK 
958 |a RK 
958 |a OND 
958 |a EUIPO 
992 |a RBX 
999 |c 2830634  |d 2832564